|
|
|
|
| LEADER |
00000nam a2200000Ii 4500 |
| 001 |
DIGEPUJ0326 |
| 003 |
NyNyDIG |
| 006 |
m o d |
| 007 |
cr ||||||||||| |
| 008 |
220504s2020 ck a ob 000 0 spa d |
| 035 |
|
|
|a (OCoLC)1259591620
|
| 040 |
|
|
|a DGITA
|b eng
|e rda
|e pn
|c DGITA
|
| 020 |
|
|
|a 9789587815870
|q eBook
|q ePub
|
| 020 |
|
|
|z 9789587815863
|q impreso
|
| 050 |
1 |
4 |
|a P96.A83 ebook
|
| 082 |
0 |
4 |
|a 302.23
|
| 245 |
0 |
0 |
|a Contando colombianos :
|b medición comercial, métricas de audiencias y biopolítica /
|c Juan Carlos Valencia Rincón, editor académico.
|
| 250 |
|
|
|a Primera edición.
|
| 264 |
|
1 |
|a Bogotá :
|b Pontificia Universidad Javeriana,
|c [2020]
|
| 300 |
|
|
|a 1 online resource :
|b illustrations.
|
| 336 |
|
|
|a text
|b txt
|2 rdacontent
|
| 337 |
|
|
|a computer
|b c
|2 rdamedia
|
| 338 |
|
|
|a online resource
|b cr
|2 rdacarrier
|
| 347 |
|
|
|a text file
|2 rdaft
|
| 347 |
|
|
|b EPUB
|
| 504 |
|
|
|a Includes bibliographical references.
|
| 588 |
0 |
|
|a Online resource; title from ePub title page (Digitalia, viewed May 4, 2022)
|
| 650 |
|
0 |
|a Mass media
|x Social aspects.
|
| 650 |
|
0 |
|a Mass media
|x Audiences
|x Research.
|
| 650 |
|
0 |
|a Radio audiences.
|
| 655 |
|
0 |
|a Electronic books.
|
| 700 |
1 |
|
|a Valencia Rincón, Juan Carlos,
|e editor.
|
| 791 |
2 |
|
|a Digitalia (Firm),
|e distributor.
|
| 793 |
0 |
|
|g Digitalia eBook Collection:
|a Pontificia Universidad Javeriana
|
| 776 |
0 |
8 |
|i Print version:
|t Contando colombianos.
|b Primera edición.
|d Bogotá : Pontificia Universidad Javeriana, [2020]
|z 9789587815863
|
| 856 |
4 |
0 |
|3 Digitalia Hispánica
|u https://www.digitaliapublishing.com/a/102682/
|
| 910 |
|
|
|a Premium collection: 2022
|